The Canterbury Tales / (Record no. 186809)
[ view plain ]
| 000 -LEADER | |
|---|---|
| fixed length control field | 00759 a2200169 4500 |
| 003 - CONTROL NUMBER IDENTIFIER | |
| control field | Nust |
| 005 - DATE AND TIME OF LATEST TRANSACTION | |
| control field | 20230328121908.0 |
| 040 ## - CATALOGING SOURCE | |
| Transcribing agency | Nust |
| 082 ## - DEWEY DECIMAL CLASSIFICATION NUMBER | |
| Classification number | 808.82,CHA |
| 100 ## - MAIN ENTRY--PERSONAL NAME | |
| Personal name | Coghill, Nevill |
| 9 (RLIN) | 111508 |
| 245 ## - TITLE STATEMENT | |
| Title | The Canterbury Tales / |
| Statement of responsibility, etc. | Nevill Coghill |
| 260 ## - PUBLICATION, DISTRIBUTION, ETC. | |
| Name of publisher, distributor, etc. | Harmondsworth |
| Date of publication, distribution, etc. | 1951 |
| 300 ## - PHYSICAL DESCRIPTION | |
| Extent | 527:p |
| 505 ## - FORMATTED CONTENTS NOTE | |
| Formatted contents note | Introduction Chaucer’s Life (Page-9), The Canterbury Tables (Page-25), Introduction to the Man of Law’s Tale (Page-145), The physician’s Tale (Page-256) The Wife Bath’s prologue (Page-282), The Clerk’s prologue (Page-344), The Squire’s Prologue (Page-413), The Second Nun’s prologue (Page-457), The Manciple’s Prologue (Page-499), The Parson;s prologue (Page-509). |
| 650 ## - SUBJECT ADDED ENTRY--TOPICAL TERM | |
| Topical term or geographic name entry element | Novel |
| 9 (RLIN) | 2525 |
| 942 ## - ADDED ENTRY ELEMENTS (KOHA) | |
| Source of classification or shelving scheme | |
| Koha item type | Book |
| Withdrawn status | Lost status | Source of classification or shelving scheme | Damaged status | Not for loan | Permanent Location | Current Location | Shelving location | Date acquired | Shelving control number | Full call number | Barcode | Date last seen | Price effective from | Koha item type | Public note |
|---|---|---|---|---|---|---|---|---|---|---|---|---|---|---|---|
| Military College of Signals (MCS) | Military College of Signals (MCS) | Fiction | 12/12/2016 | English Literature | 808.82,CHA | MCS29962 | 12/08/2016 | 12/12/2016 | Book | Almirah No.75, Shelf No.3 |
